Say Hello in different languages (English spelling) - Statistics

General Stats
  • This quiz has been taken 929 times
  • The average score is 7 of 20
Answer Stats
Hint Answer % Correct
English Hello
99%
Cantonese Nei ho
84%
Spanish Hola
82%
German Hallo
59%
Italian Ciao
52%
French Salut
45%
Hawaiian Aloha
40%
Russian Privet
31%
Swedish Hej
28%
Japanese Konnichi wa
27%
Hebrew Shalom
26%
Turkish Merhaba
21%
Hindi Namaste
21%
Latin Salve
16%
Swahili Jambo
12%
Senegal Salamaleikum
9%
Serbian Zdravo
9%
Georgian Gamardjoba
3%
Greek Yia sou
1%
Congo Mambo
0%
No matching quizzes found
Score Distribution
Percent of People with Each Score
Percentile by Number Answered
Your Score History
You have not taken this quiz